000
00330nam a2200145Ia 4500
008
230917s9999||||xx |||||||||||||| ||und||
040
_e
138317
_a
MAIN
041
_a
English
082
_a
823.7 D555N
100
_a
Dikens
245
0
_a
No more meadows
260
_a
London
_b
Penguin Books
_c
1970
300
_a
351 p.
942
_c
BK
999
_c
68445
_d
68445